000 00529nam a2200193Ia 4500
008 240729s9999 xx 000 0 und d
022 _a1904-500X
245 0 _aSoundEffects
260 _aDenmark
260 _bRoyal Danish Library
650 _a Acoustics. Sound
650 _a Communication. Mass media | Science
650 _a Philology. Linguistics
650 _a Physics
650 _aLanguage and Literature
856 _uhttps://doaj.org/toc/a368c851fddf4e9789245c88157cfd21
942 _2ddc
942 _cDOAJEJ
999 _c65946
_d65946
945 _a1
_bMadushi Gamage
_c1
_dMadushi Gamage